[Event "XVII MetLife Najdorf Open 2017"]
[Site "Warsaw"]
[Date "2017.07.16"]
[Round "8"]
[White "Szostko, Jakub"]
[Black "Moehn, Hans"]
[Result "1/2-1/2"]
[WhiteElo "2208"]
[BlackElo "2380"]
[Annotator "ChessBase"]
[PlyCount "176"]
[EventDate "2017.??.??"]
[EventType "swiss"]
[EventCountry "POL"]
[SourceTitle "playchess.com"]
[Source "ChessBase"]
[SourceQuality "1"]
[TimeControl "40/5400+30:1800+30"]

1. e4 {[%emt 0:00:00]} c5 {[%emt 0:00:44]} 2. Nf3 {[%emt 0:00:00]} e6 {[%emt 0:00:02]} 3. d4 {[%emt 0:00:00]} cxd4 {[%emt 0:00:04]} 4. Nxd4 {[%emt 0:00:00]} a6 {[%emt 0:00:04]} 5. Be2 {[%emt 0:00:12]} Bb4+ {[%emt 0:12:03]} 6. Nc3 {[%emt 0:02:47]} Qc7 {[%emt 0:01:25]} 7. Qd3 {[%emt 0:01:20]} Be7 {[%emt 0:08:56]} 8. O-O {[%emt 0:01:44]} d6 {[%emt 0:01:14]} 9. f4 {[%emt 0:01:57]} Nf6 {[%emt 0:12:53]} 10. Kh1 {[%emt 0:02:35]} O-O {[%emt 0:06:03]} 11. Qg3 {[%emt 0:08:51]} Nbd7 {[%emt 0:07:54]} 12. Bf3 {[%emt 0:10:18]} Re8 {[%emt 0:04:01]} 13. Bd2 {[%emt 0:09:22]} Bf8 {[%emt 0:01:50]} 14. Rae1 {[%emt 0:01:38]} Qb6 {[%emt 0:08:20]} 15. Nb3 {[%emt 0:01:40]} e5 {[%emt 0:00:38]} 16. Nd5 {[%emt 0:03:25]} Nxd5 {[%emt 0:04:51]} 17. exd5 {[%emt 0:03:29]} Qc7 {[%emt 0:02:16]} 18. Bc3 {[%emt 0:04:16]} exf4 {[%emt 0:09:27]} 19. Qxf4 {[%emt 0:00:49]} Ne5 {[%emt 0:00:29]} 20. Nd2 {[%emt 0:04:24]} Ng6 {[%emt 0:02:44]} 21. Qd4 {[%emt 0:05:28]} Bf5 {[%emt 0:02:47]} 22. Be4 {[%emt 0:01:39]} Bd7 {[%emt 0:01:21]} 23. Bxg6 {[%emt 0:06:09]} hxg6 {[%emt 0:00:35]} 24. Ne4 {[%emt 0:01:27]} Re5 {[%emt 0:02:43]} 25. Qd2 {[%emt 0:08:11]} Rf5 {[%emt 0:00:49]} 26. Rxf5 {[%emt 0:02:27]} Bxf5 {[%emt 0:00:09]} 27. Qf4 {[%emt 0:02:18]} Qd7 {[%emt 0:03:06]} 28. Ng5 {[%emt 0:01:16]} f6 {[%emt 0:01:57]} 29. Ne6 {[%emt 0:00:51]} Re8 {[%emt 0:01:00]} 30. Nxf8 {[%emt 0:00:50]} Rxf8 {[%emt 0:01:34]} 31. Bb4 {[%emt 0:00:46]} Rd8 {[%emt 0:01:36]} 32. c3 {[%emt 0:01:01]} Re8 {[%emt 0:01:35]} 33. Rxe8+ {[%emt 0:00:54]} Qxe8 {[%emt 0:00:02]} 34. h3 {[%emt 0:00:38]} Qe5 {[%emt 0:00:45]} 35. Bxd6 {[%emt 0:02:22]} Qxd5 {[%emt 0:00:07]} 36. Kh2 {[%emt 0:00:48]} Qxa2 {[%emt 0:00:28]} 37. Ba3 {[%emt 0:01:03]} Qd5 {[%emt 0:00:48]} 38. c4 {[%emt 0:01:40]} Qc6 {[%emt 0:00:02]} 39. c5 {[%emt 0:04:17]} Be4 {[%emt 0:01:04]} 40. Qf2 {[%emt 0:00:00]} Qb5 {[%emt 0:01:26]} 41. Qe1 {[%emt 0:15:18]} Qd3 {[%emt 0:01:49]} 42. Bb4 {[%emt 0:01:09]} Bc6 {[%emt 0:00:44]} 43. Qd2 {[%emt 0:00:56]} Qe4 {[%emt 0:00:20]} 44. Bc3 {[%emt 0:00:51]} g5 {[%emt 0:00:36]} 45. b4 {[%emt 0:01:18]} Kh7 {[%emt 0:00:21]} 46. Qf2 {[%emt 0:01:16]} Kg6 {[%emt 0:02:21]} 47. Be1 {[%emt 0:01:20]} Kh5 {[%emt 0:01:36]} 48. Bc3 {[%emt 0:03:54]} Bd5 {[%emt 0:01:52]} 49. Bd2 {[%emt 0:01:46]} Kg6 {[%emt 0:05:52]} 50. Bc3 {[%emt 0:00:22]} Kf7 {[%emt 0:01:05]} 51. Bd2 {[%emt 0:00:14]} Bc6 {[%emt 0:00:33]} 52. Kg1 {[%emt 0:00:58]} Qd5 {[%emt 0:00:43]} 53. Bc3 {[%emt 0:00:49]} Ke6 {[%emt 0:00:32]} 54. Qe2+ {[%emt 0:00:43]} Kf7 {[%emt 0:00:26]} 55. Qh5+ {[%emt 0:01:12]} Ke7 {[%emt 0:00:15]} 56. Qe2+ {[%emt 0:00:05]} Kf8 {[%emt 0:00:04]} 57. Qf2 {[%emt 0:00:28]} Qe4 {[%emt 0:00:28]} 58. Kh2 {[%emt 0:01:03]} Bd5 {[%emt 0:00:05]} 59. Bd2 {[%emt 0:00:27]} Kf7 {[%emt 0:00:28]} 60. Bc3 {[%emt 0:00:39]} Qe6 {[%emt 0:00:34]} 61. Bd2 {[%emt 0:00:29]} Kg6 {[%emt 0:00:22]} 62. Bc3 {[%emt 0:00:18]} Qc6 {[%emt 0:00:13]} 63. Qc2+ {[%emt 0:00:37]} Be4 {[%emt 0:00:10]} 64. Qe2 {[%emt 0:00:19]} Kf7 {[%emt 0:00:18]} 65. Qc4+ {[%emt 0:00:44]} Kf8 {[%emt 0:00:32]} 66. Qe2 {[%emt 0:00:26]} Ke7 {[%emt 0:00:18]} 67. Kg1 {[%emt 0:00:16]} Kd7 {[%emt 0:00:38]} 68. Qd2+ {[%emt 0:00:20]} Bd5 {[%emt 0:00:28]} 69. Qd3 {[%emt 0:00:39]} Kc8 {[%emt 0:01:23]} 70. Qd2 {[%emt 0:00:27]} Kc7 {[%emt 0:00:33]} 71. Kh2 {[%emt 0:00:21]} Qe6 {[%emt 0:00:29]} 72. Qe1 {[%emt 0:00:46]} Be4 {[%emt 0:00:22]} 73. Qd2 {[%emt 0:00:29]} Kc6 {[%emt 0:00:50]} 74. Qd8 {[%emt 0:02:21]} Qd7 {[%emt 0:08:17]} 75. Qxd7+ {[%emt 0:00:28]} Kxd7 {[%emt 0:00:04]} 76. g4 {[%emt 0:00:58]} Ke6 {[%emt 0:00:07]} 77. Kg3 {[%emt 0:00:08]} Bc2 {[%emt 0:00:18]} 78. h4 {[%emt 0:00:19]} gxh4+ {[%emt 0:00:05]} 79. Kxh4 {[%emt 0:00:03]} g5+ {[%emt 0:00:25]} 80. Kg3 {[%emt 0:00:06]} Bd1 {[%emt 0:00:06]} 81. Bb2 {[%emt 0:00:06]} Ba4 {[%emt 0:00:49]} 82. Bc3 {[%emt 0:00:25]} Bc6 {[%emt 0:00:05]} 83. Bb2 {[%emt 0:00:26]} Kd5 {[%emt 0:01:33]} 84. Bxf6 {[%emt 0:02:07]} Kc4 {[%emt 0:00:26]} 85. Bxg5 {[%emt 0:00:07]} Kxb4 {[%emt 0:00:05]} 86. Be7 {[%emt 0:00:19]} Kc4 {[%emt 0:00:38]} 87. Kf4 {[%emt 0:00:09]} Kd5 {[%emt 0:00:28]} 88. Ke3 {[%emt 0:00:09]} Be8 {[%emt 0:00:06] Ke4+ Ke5+} 1/2-1/2

[Event "XVII MetLife Najdorf Open 2017"]
[Site "Warsaw"]
[Date "2017.07.16"]
[Round "8"]
[White "Jaroch, Karol"]
[Black "Srinath, Rao S V"]
[Result "0-1"]
[WhiteElo "2207"]
[BlackElo "2321"]
[Annotator "NA"]
[PlyCount "70"]
[EventDate "2017.??.??"]
[EventType "swiss"]
[EventCountry "POL"]
[SourceTitle "playchess.com"]
[Source "ChessBase"]
[SourceQuality "1"]
[TimeControl "40/5400+30:1800+30"]

1. e4 {[%emt 0:00:00]} e6 {[%emt 0:00:34]} 2. d4 {[%emt 0:01:48]} d5 {[%emt 0:00:05]} 3. exd5 {[%emt 0:01:07]} exd5 {[%emt 0:00:05]} 4. Bd3 {[%emt 0:00:16]} Bd6 {[%emt 0:00:13]} 5. Nc3 {[%emt 0:00:11]} c6 {[%emt 0:00:04]} 6. Nge2 {[%emt 0:00:20]} Qh4 {[%emt 0:00:10]} 7. h3 {[%emt 0:12:06]} Nh6 {[%emt 0:00:31]} 8. Be3 {[%emt 0:01:39]} Ng4 {[%emt 0:03:22]} 9. Qd2 {[%emt 0:00:40]} Nxe3 {[%emt 0:00:28]} 10. Qxe3+ {[%emt 0:00:07]} Qe7 {[%emt 0:00:25]} 11. Qd2 {[%emt 0:12:26]} Na6 {[%emt 0:00:57]} 12. a3 {[%emt 0:11:15]} Nc7 {[%emt 0:00:35]} 13. O-O {[%emt 0:01:57]} Bd7 {[%emt 0:02:49]} 14. b4 {[%emt 0:02:23]} O-O {[%emt 0:01:03]} 15. Ng3 {[%emt 0:03:58]} g6 {[%emt 0:06:01]} 16. f4 {[%emt 0:26:38]} f5 {[%emt 0:03:59]} 17. Na4 {[%emt 0:04:02]} Qf6 {[%emt 0:00:50]} 18. Ne2 {[%emt 0:00:37]} b6 {[%emt 0:00:19]} 19. c4 {[%emt 0:00:56]} dxc4 {[%emt 0:05:25]} 20. Bxc4+ {[%emt 0:00:04]} Kh8 {[%emt 0:02:14]} 21. Nb2 {[%emt 0:00:12]} Be6 {[%emt 0:01:59]} 22. Rac1 {[%emt 0:00:32]} Nd5 {[%emt 0:01:18]} 23. Nd3 {[%emt 0:00:50]} a5 {[%emt 0:00:45]} 24. Bxd5 {[%emt 0:01:02]} Bxd5 {[%emt 0:00:11]} 25. Ne5 {[%emt 0:00:07]} axb4 {[%emt 0:01:36]} 26. Nd7 {[%emt 0:13:41]} Qe7 {[%emt 0:00:49]} 27. Nxf8 {[%emt 0:00:24]} Rxa3 {[%emt 0:00:39]} 28. Nxg6+ {[%emt 0:02:28]} hxg6 {[%emt 0:00:11]} 29. Rce1 {[%emt 0:00:16]} Re3 {[%emt 0:03:17]} 30. Ng3 {[%emt 0:00:41]} Bxf4 {[%emt 0:00:28]} 31. Qf2 {[%emt 0:01:58]} Qg5 {[%emt 0:03:20]} 32. Ne2 {[%emt 0:00:46]} Bd6 {[%emt 0:04:37]} 33. Ra1 {[%emt 0:00:31]} Bg3 {[%emt 0:02:30]} 34. Ra8+ {[%emt 0:00:28]} Kh7 {[%emt 0:00:06]} 35. Ra7+ {[%emt 0:00:05]} Kh6 {[%emt 0:00:15]} 0-1

[Event "XVII MetLife Najdorf Open 2017"]
[Site "Warsaw"]
[Date "2017.07.16"]
[Round "8"]
[White "Dmochowska, Agnieszka"]
[Black "Hacker, Jonas"]
[Result "0-1"]
[WhiteElo "2202"]
[BlackElo "2297"]
[Annotator "ChessBase"]
[PlyCount "140"]
[EventDate "2017.??.??"]
[EventType "swiss"]
[EventCountry "POL"]
[SourceTitle "playchess.com"]
[Source "ChessBase"]
[SourceQuality "1"]
[TimeControl "40/5400+30:1800+30"]

1. d4 {[%emt 0:05:10]} d5 {[%emt 0:00:32]} 2. c4 {[%emt 0:00:10]} c6 {[%emt 0:00:06]} 3. cxd5 {[%emt 0:00:15]} cxd5 {[%emt 0:00:07]} 4. Bf4 {[%emt 0:00:06]} Nc6 {[%emt 0:00:38]} 5. Nc3 {[%emt 0:00:23]} Nf6 {[%emt 0:00:11]} 6. e3 {[%emt 0:00:35]} a6 {[%emt 0:00:23]} 7. Bd3 {[%emt 0:00:15]} Bg4 {[%emt 0:00:30]} 8. Nge2 {[%emt 0:00:52]} e6 {[%emt 0:00:33]} 9. O-O {[%emt 0:00:42]} Be7 {[%emt 0:01:42]} 10. Rc1 {[%emt 0:01:06]} O-O {[%emt 0:01:13]} 11. Na4 {[%emt 0:02:35]} Nd7 {[%emt 0:01:59]} 12. f3 {[%emt 0:07:48]} Bh5 {[%emt 0:00:18]} 13. Qb3 {[%emt 0:04:49]} Ra7 {[%emt 0:04:16]} 14. a3 {[%emt 0:02:52]} Bg6 {[%emt 0:03:07]} 15. Bxg6 {[%emt 0:06:33]} hxg6 {[%emt 0:00:11]} 16. Qd3 {[%emt 0:02:10]} Nb6 {[%emt 0:04:07]} 17. Nxb6 {[%emt 0:05:51]} Qxb6 {[%emt 0:00:07]} 18. b4 {[%emt 0:00:07]} Raa8 {[%emt 0:08:38]} 19. Nc3 {[%emt 0:09:26]} Rfc8 {[%emt 0:03:59]} 20. Na4 {[%emt 0:07:00]} Qa7 {[%emt 0:09:58]} 21. Rc3 {[%emt 0:05:46]} b5 {[%emt 0:16:40]} 22. Rfc1 {[%emt 0:03:01]} Qb7 {[%emt 0:02:24]} 23. Nc5 {[%emt 0:00:23]} Bxc5 {[%emt 0:01:27]} 24. Rxc5 {[%emt 0:00:11]} Qd7 {[%emt 0:01:24]} 25. R1c3 {[%emt 0:03:11]} Ne7 {[%emt 0:05:16]} 26. Rc7 {[%emt 0:08:19]} Rxc7 {[%emt 0:00:18]} 27. Rxc7 {[%emt 0:00:13]} Qd8 {[%emt 0:00:29]} 28. Qc2 {[%emt 0:09:59]} Rc8 {[%emt 0:00:31]} 29. Rc5 {[%emt 0:00:26]} Qd7 {[%emt 0:02:18]} 30. Kf2 {[%emt 0:02:35]} f6 {[%emt 0:00:49]} 31. Bd6 {[%emt 0:04:42]} Nc6 {[%emt 0:04:37]} 32. Bg3 {[%emt 0:00:20]} Kf7 {[%emt 0:00:49]} 33. Ke2 {[%emt 0:03:38]} Ne7 {[%emt 0:01:31]} 34. Kd3 {[%emt 0:01:14]} Rc6 {[%emt 0:06:03]} 35. Qc3 {[%emt 0:01:44]} Qc8 {[%emt 0:02:43]} 36. Kc2 {[%emt 0:01:38]} Rxc5 {[%emt 0:02:25]} 37. Qxc5 {[%emt 0:00:02]} Qxc5+ {[%emt 0:01:57]} 38. bxc5 {[%emt 0:01:00]} Nc6 {[%emt 0:00:47]} 39. Be1 {[%emt 0:00:58]} Ke7 {[%emt 0:02:09]} 40. Kd3 {[%emt 0:00:00]} Kd7 {[%emt 0:02:02]} 41. Bg3 {[%emt 0:11:31]} g5 {[%emt 0:05:00]} 42. Be1 {[%emt 0:00:53]} a5 {[%emt 0:11:28]} 43. Bd2 {[%emt 0:03:25]} Kc7 {[%emt 0:01:12]} 44. g4 {[%emt 0:03:04]} e5 {[%emt 0:03:36]} 45. e4 {[%emt 0:11:29]} dxe4+ {[%emt 0:01:41]} 46. Kxe4 {[%emt 0:00:06]} exd4 {[%emt 0:01:48]} 47. f4 {[%emt 0:00:59]} gxf4 {[%emt 0:07:39]} 48. Bxf4+ {[%emt 0:00:05]} Kd7 {[%emt 0:00:12]} 49. Kd5 {[%emt 0:01:15]} a4 {[%emt 0:08:09]} 50. Bc1 {[%emt 0:00:53]} d3 {[%emt 0:00:59]} 51. g5 {[%emt 0:02:04]} f5 {[%emt 0:02:35]} 52. g6 {[%emt 0:01:06]} Ne7+ {[%emt 0:01:10]} 53. Kd4 {[%emt 0:00:28]} Nxg6 {[%emt 0:00:40]} 54. Kxd3 {[%emt 0:00:02]} Ne5+ {[%emt 0:00:58]} 55. Kd4 {[%emt 0:01:17]} Nc6+ {[%emt 0:00:28]} 56. Kd5 {[%emt 0:00:17]} g6 {[%emt 0:00:35]} 57. h4 {[%emt 0:00:08]} b4 {[%emt 0:00:21]} 58. axb4 {[%emt 0:00:22]} Nxb4+ {[%emt 0:00:23]} 59. Kc4 {[%emt 0:00:07]} Nc6 {[%emt 0:00:18]} 60. Bb2 {[%emt 0:00:55]} Ke6 {[%emt 0:00:15]} 61. Kb5 {[%emt 0:00:08]} Kd5 {[%emt 0:00:13]} 62. Kxa4 {[%emt 0:00:26]} Kc4 {[%emt 0:01:24]} 63. Bc1 {[%emt 0:00:20]} Kxc5 {[%emt 0:00:06]} 64. Kb3 {[%emt 0:00:33]} Nd4+ {[%emt 0:00:06]} 65. Kb2 {[%emt 0:00:11]} Nf3 {[%emt 0:00:20]} 66. Kc3 {[%emt 0:00:10]} Nxh4 {[%emt 0:01:07]} 67. Kd3 {[%emt 0:00:02]} Kd5 {[%emt 0:00:26]} 68. Bg5 {[%emt 0:01:50]} Nf3 {[%emt 0:00:11]} 69. Bh6 {[%emt 0:00:07]} Ne5+ {[%emt 0:00:12]} 70. Ke2 {[%emt 0:00:09]} Ke4 {[%emt 0:00:15]} 0-1

[Event "XVII MetLife Najdorf Open 2017"]
[Site "Warsaw"]
[Date "2017.07.16"]
[Round "8"]
[White "Jeet, Jain"]
[Black "Debashis, Das"]
[Result "0-1"]
[WhiteElo "2191"]
[BlackElo "2505"]
[Annotator "TA"]
[PlyCount "90"]
[EventDate "2017.??.??"]
[EventType "swiss"]
[EventCountry "POL"]
[SourceTitle "playchess.com"]
[Source "ChessBase"]
[SourceQuality "1"]

{[%evp 16,90,29,17,54,40,28,27,63,52,50,41,87,29,35,39,64,2,12,6,29,0,0,-4,0,0,0,0,21,19,37,26,51,25,24,23,53,-152,-138,-141,-135,-146,-149,-141,-151,-150,-140,-135,-149,-179,-184,-174,-138,-111,-18,-291,-279,-291,-284,-277,-281,-280,-278,-317,-317,-379,-379,-703,-703,-695,-687,-687,-687,-660,-660,-6091,-6091]} 1. e4 c5 2. Nf3 d6 3. d4 cxd4 4. Nxd4 Nf6 5. Nc3 a6 6. Bg5 e6 7. f4 h6 8. Bh4 Qb6 9. Qd2 {LiveBook: 142 Games. B96: Sicilian Najdorf: 6 Bg5 e6 7 f4, lines other than 7...Qb6 and 7...Be7} (9. a3 Be7 10. Bf2 Qc7 11. Qf3 Nbd7 12. O-O-O b5 13. g4 Bb7 14. h4 d5 15. e5 Ne4 16. Rh3 Nxf2 17. Qxf2 {½-½ (43) Caruana,F (2817)-Vachier Lagrave,M (2803) Karlsruhe 2017}) 9... Nc6 10. Nb3 Be7 11. O-O-O {White has an edge.} Qc7 12. Be2 b5 $1 13. a3 $146 (13. Bxf6 $5 gxf6 14. Rhf1 $14) ({Predecessor:} 13. Bf3 b4 14. Na4 e5 15. Bxf6 gxf6 16. Kb1 Bd7 17. Bh5 Rc8 18. c4 {1-0 (26) Nguyen,A (2539)-Zakaria,F (2202) Kuala Lumpur 2006}) 13... Bb7 14. Bf3 ({Better is} 14. Bxf6 $1 $16 gxf6 15. Bh5) 14... Rd8 $11 15. Qf2 g5 16. Bg3 (16. fxg5 $14 hxg5 17. Bxg5) 16... gxf4 $1 17. Bxf4 Ne5 18. Bxe5 dxe5 19. Rxd8+ Bxd8 20. Nc5 Qb6 21. Rf1 Bc8 22. b4 Be7 23. Be2 Qc7 24. Kb2 Rg8 25. g3 Rf8 26. Nb3 $2 {[#]} (26. Nb1 $14) 26... Qxc3+ $1 $17 {[%mdl 512]} 27. Kxc3 Nxe4+ 28. Kb2 Nxf2 29. Rxf2 f5 30. c4 bxc4 31. Bxc4 e4 {[%cal Be5e4,Be4e3][%mdl 32]} 32. Nc5 {[#]} Bxc5 $1 33. bxc5 $19 {[%mdl 4096] Endgame KRB-KRB} Kd7 34. Kc3 e5 ({Black should try} 34... Kc6 $17 35. Kd4 a5) 35. Bd5 $2 {[%mdl 8192]} (35. Rd2+ $1 $11 {and White stays safe.} Kc6 36. Rd6+ Kxc5 37. Rd5+ Kb6 38. Rxe5) 35... e3 36. Rb2 f4 37. gxf4 exf4 38. Bf3 Kc7 39. Kd4 Re8 40. Rg2 {and the idea Rg7+ leaves White hopeful.} Re7 41. Kd3 $2 (41. c6) 41... Rd7+ {Black is clearly winning.} 42. Ke4 Bb7+ 43. Kxf4 Rf7+ 44. Kxe3 Rxf3+ 45. Ke2 Re3+ {Precision: White = 34%, Black = 59%.} 0-1

[Event "XVII MetLife Najdorf Open 2017"]
[Site "Warsaw"]
[Date "2017.07.16"]
[Round "8"]
[White "Fieberg, Samuel"]
[Black "Villegas, Pierre"]
[Result "1/2-1/2"]
[WhiteElo "2169"]
[BlackElo "2295"]
[Annotator "NA"]
[PlyCount "105"]
[EventDate "2017.??.??"]
[EventType "swiss"]
[EventCountry "POL"]
[SourceTitle "playchess.com"]
[Source "ChessBase"]
[SourceQuality "1"]
[TimeControl "40/5400+30:1800+30"]

1. e4 c6 2. d4 d5 3. e5 Bf5 4. Nf3 e6 5. Be2 c5 6. Be3 cxd4 7. Nxd4 Ne7 8. O-O Nbc6 9. Bb5 {B12: Caro-Kann: Advance Variation} a6 10. Bxc6+ bxc6 11. c4 Qd7 12. Nc3 dxc4 13. Na4 {LiveBook: 9 Games} Nd5 14. Nxf5 exf5 15. Rc1 c3 {[#]} 16. Bd4 $146 ({Predecessor:} 16. Nxc3 Nxe3 17. fxe3 {½-½ (47) Caruana,F (2808)-Navara,D (2742) Baku 2016}) 16... cxb2 17. Bxb2 Qe6 18. Qb3 Be7 19. Qb7 O-O 20. Rxc6 Rfb8 21. Qxa8 Rxa8 22. Rxe6 fxe6 23. Rc1 Kf7 24. g3 Ke8 25. Rc4 Kd7 26. Kf1 Rb8 27. Ke2 g5 28. f3 h6 29. Kd2 Rb4 30. Rxb4 Bxb4+ 31. Kd3 Kc6 32. Bd4 Kb5 33. Nb2 Be7 34. Bc3 Bb4 35. Bd4 Ba5 36. a3 Bd8 37. Nc4 Be7 38. Bb2 h5 39. h3 Bf8 40. Bc1 g4 41. hxg4 fxg4 42. fxg4 hxg4 43. Nd6+ Ka4 44. Ne4 Bxa3 45. Bxa3 Kxa3 46. Nf6 Ne7 47. Nxg4 Nf5 48. Nf6 Nxg3 49. Nd7 $11 Kb4 50. Nf8 Kc5 51. Nxe6+ Kd5 52. Nc7+ Kxe5 53. Nxa6 1/2-1/2

[Event "XVII MetLife Najdorf Open 2017"]
[Site "Warsaw"]
[Date "2017.07.16"]
[Round "8"]
[White "Paramzina, Anastasya"]
[Black "Godzwon, Iwo"]
[Result "1/2-1/2"]
[WhiteElo "2166"]
[BlackElo "2205"]
[Annotator "NA"]
[PlyCount "106"]
[EventDate "2017.??.??"]
[EventType "swiss"]
[EventCountry "POL"]
[SourceTitle "playchess.com"]
[Source "ChessBase"]
[SourceQuality "1"]
[TimeControl "40/5400+30:1800+30"]

1. e4 c5 2. Nf3 Nc6 3. d4 cxd4 4. Nxd4 g6 5. c4 Bg7 6. Be3 Nf6 7. Nc3 O-O 8. Be2 d6 9. O-O Bd7 10. f3 Nxd4 11. Bxd4 a5 12. b3 Bc6 13. Rc1 Nd7 14. Be3 Nc5 15. Qd2 Be5 16. Nb5 e6 17. Bg5 Qb6 18. Kh1 Bxb5 19. cxb5 Rfc8 20. Bc4 Qa7 21. Rce1 Na4 22. Be3 b6 23. Qf2 Nc5 24. Bg5 Bg7 25. Rd1 Qc7 26. Qd2 Be5 27. Rfe1 Qb7 28. Qe3 f6 29. Bh4 g5 30. Bf2 Rd8 31. Qd2 Bf4 32. Qe2 Kg7 33. g3 Be5 34. Bxc5 dxc5 35. Bxe6 Qe7 36. Bd5 Ra7 37. f4 Bc3 38. Rf1 h6 39. Qg4 Qd7 40. Qf3 Bd4 41. Qe2 Qe7 42. Qf3 Rf8 43. a4 Qd7 44. Qh5 Qe8 45. Qh3 Re7 46. Bc6 Qc8 47. Qh5 Qe6 48. Bd5 Qd7 49. fxg5 hxg5 50. Qf3 Qh3 51. Rd2 Be5 52. Bc4 Rh8 53. Rg1 Bd4 1/2-1/2

[Event "XVII MetLife Najdorf Open 2017"]
[Site "Warsaw"]
[Date "2017.07.16"]
[Round "8"]
[White "Sliwicka, Alicja"]
[Black "Gumularz, Szymon"]
[Result "1/2-1/2"]
[WhiteElo "2164"]
[BlackElo "2391"]
[Annotator "NA"]
[PlyCount "61"]
[EventDate "2017.??.??"]
[EventType "swiss"]
[EventCountry "POL"]
[SourceTitle "playchess.com"]
[Source "ChessBase"]
[SourceQuality "1"]
[TimeControl "40/5400+30:1800+30"]

1. e4 {[%emt 0:00:00]} c5 {[%emt 0:01:59]} 2. Nf3 {[%emt 0:00:00]} e6 {[%emt 0:00:06]} 3. d4 {[%emt 0:00:04]} cxd4 {[%emt 0:00:06]} 4. Nxd4 {[%emt 0:00:04]} a6 {[%emt 0:00:05]} 5. Bd3 {[%emt 0:01:31]} g6 {[%emt 0:00:19]} 6. O-O {[%emt 0:02:30]} Bg7 {[%emt 0:00:17]} 7. Be3 {[%emt 0:10:51]} Ne7 {[%emt 0:00:58]} 8. Nc3 {[%emt 0:02:17]} Nbc6 {[%emt 0:01:09]} 9. Nxc6 {[%emt 0:03:30]} Nxc6 {[%emt 0:02:32]} 10. Na4 {[%emt 0:11:20]} b5 {[%emt 0:03:01]} 11. Nb6 {[%emt 0:00:10]} Rb8 {[%emt 0:00:05]} 12. Nxc8 {[%emt 0:00:12]} Qxc8 {[%emt 0:00:50]} 13. Bf4 {[%emt 0:07:28]} Rb6 {[%emt 0:15:03]} 14. c3 {[%emt 0:03:54]} Ne5 {[%emt 0:05:10]} 15. Bxe5 {[%emt 0:01:38]} Bxe5 {[%emt 0:00:06]} 16. f4 {[%emt 0:00:21]} Bg7 {[%emt 0:07:54]} 17. Qe2 {[%emt 0:05:38]} Qc5+ {[%emt 0:05:52]} 18. Kh1 {[%emt 0:00:27]} O-O {[%emt 0:00:30]} 19. Rad1 {[%emt 0:02:43]} d6 {[%emt 0:04:23]} 20. Bb1 {[%emt 0:05:09]} a5 {[%emt 0:04:09]} 21. Rf3 {[%emt 0:02:53]} b4 {[%emt 0:03:45]} 22. c4 {[%emt 0:01:49]} a4 {[%emt 0:03:15]} 23. f5 {[%emt 0:05:00]} Rc8 {[%emt 0:12:29]} 24. f6 {[%emt 0:01:46]} Bf8 {[%emt 0:00:13]} 25. Bd3 {[%emt 0:00:35]} Qe5 {[%emt 0:01:50]} 26. Qf2 {[%emt 0:04:59]} Rc5 {[%emt 0:01:05]} 27. Re1 {[%emt 0:02:20]} Rbc6 {[%emt 0:00:57]} 28. Rh3 {[%emt 0:02:57]} Qg5 {[%emt 0:06:22]} 29. Ree3 {[%emt 0:03:06]} h6 {[%emt 0:10:29]} 30. Re1 {[%emt 0:02:54]} Kh7 {[%emt 0:01:23]} 31. Rhe3 {[%emt 0:03:09]} 1/2-1/2